000 01116aam a2200313 i 4500
001 768714001
003 CO-MdFUSB
005 20230331062544.0
007 ta
008 201216t1920 nyu |||| |||| 00| 0 eng d
020 _a[No incluye ISBN]
040 _bspa.
_aCO-MdFUSB
_cCO-MdFUSB
_dCO-MdFUSBC
_erda
041 _aeng
082 _223
_a241.043
_bK59
100 _aKirk, Kenneth E.
_eautor
245 1 0 _aSome principles of moral theology and their application
_c/ Kenneth E. Kirk
264 1 _aLondon :
_bLongmans, Green and CO,
_c[1920]
264 4 _c© 1920
300 _axxvi, 282 páginas
_c; 23 cm
336 _atexto
_btxt
_2rdacontent
337 _2rdamedia
_asin mediación
_bn
338 _2rdacarrier
_avolumen
_bnc
505 _aLa naturaleza y el alcance de la teología moral - El carácter cristiano - Penitencia - Fe - Cielo - La educación del alma - La conciencia, el derecho y la casuística - La curación del alma - Pecado - El tratamiento del pecado.
563 _aPasta dura
650 7 _aÉtica cristiana
_2
_9185
942 _cBK
945 _aJTF-925
999 _c46340
_d46340